02366cam a22005054i 4500003000900000005001700009008004100026020001800067035002700085040003300112049000900145082002100154100003100175245012000206264008500326300005500411336002100466337002500487338002300512504002800535505047400563526001001037526001001047526001001057526001001067526000801077526000801085526000801093526000801101526000801109526000801117526000801125541001201133600005401145630006401199650001701263910002601280942001401306949013401320994001401454596000601468999016101474980005501635952017001690PE-LiUPU20250731173350.0150706s2008 miua rb 000 0 eng d a9780802862914 a(Sirsi) i9780802862914 aPE-LiUPUbspacPE-LiUPUerda aPRUA04a227.406bB122211 aBachmann, Michael,eautor.10aAnti-judaism in galatians? :bexegetical studies on a polemical letter and on Pau´s theology /cMichaeol Bachmann. 1aCambridge, U.K. ; Grand Rapids, Michigan :bWilliam B. Eerdmans Pub. Co.,c2008. a234 páginas :bilustraciones ;c23 centímetros atext2rdacontent aunmediated2rdamedia avolume2rdacarrier aIncluye bibliografía.0 aJustification and the works of the law in Paul -- 4QMMT and Galatians -- Jewish covenantal nomism and the Pauline understanding of the Law, the mosaic floor of Beth-Alpha and Gal 3:15-29 -- Investigations on the mediator : Gal 3:20 and the character of the Mosaic Law -- The other woman : synchronic and diachronic observations on Gal 4:21-5:1 -- The church and the Israel of God : on the meaning and ecclesiastical relevance of the benediction at the end of Galatians. aSEG42 aSEG41 aSEG40 aSEG39 aP94 aP87 aP86 aP85 aP77 aP76 aP35 g479133;04aPablo, el apóstolxRelaciones con los judíos.04aBiblia.pN.T.pGálatasxCrítica, interpretación, etc.24aLey judía. aglbjvclchd20100217 2ddccBOOK a227.406 B12wDEWEYc1i60994lCCODEBUL1mBULp45.00r0sYtBOOKu2015-7-6xTEOLOGIAzUNKNOWN0COMPRAo.STAFF. Colección General aC0bPEPRU a1 a227.406 B12wDEWEYc50334i60994d50334f2021-11-9g5lCCODEBUL1mBULp45.00q1r0sYtBOOKu2015-7-6xTEOLOGIAPP350COMPRAo.STAFF. Colección Teología 81gALBERTO SANCHEZ Responsable de Automatización r2025-12-03 00:00:00i6l0o227.406 B12p60994te1v50.00w2015-07-06xFTyBKzinventario-2023-12-13102ddc50708GENfP35aBULbBULcGENd2015-07-06eCOMPRAg45.00